01778nas a2200229Ia 4500001001100000003001000011008004100021040002500062041001400087100004600101210001400147222001400161245007900175250001100254260008900265310001200354362003500366500049700401501011400898520049701012650003901509R053-S9177IT-CnALBA170116c99999999xx |||||||||||| ||und|| aIT-CnALBAcIT-CnALBA aITALIANO  aBetti Laura # Malavasi Luca # Autori vari aCINEFORUM aCINEFORUM 0aCineforum 437. Agosto-Settembre 2004. rivista di cultura cinematografica.' a1a ed. as.c.bFederazione italiana Cineforum'c2004 [1° Ed.:2004 - Ed.Ling.Originale: 2004] aMENSILE aFascicolo: 7 / Anno: 44 (2004) aSpeciale Carmelo Bene.Il ritorno di Aurora. Pasolini e gli altri. Monteiro, Coderd, Carrel, Oz, Lifshitz, Breillat, Brumi Tedesch, Usmov, Ceylan. classicità e Cinema, Bertani A. Vai e Vem di Jean-Luc Codard, Filmese, Bertolino, Figazzolo R. Mancino G. A. ... Cartoni Animati. La casa dei 1000 corpi. Timr Lime. Censi R. Anamorfosi, Don Giovanni. Spaziani P. Una macchina attoriale. Intervista a Laura Betti, Festival e Rassegne. Tivutargets. Le Lume del cinema. Libri a cura di E. Comuzio.' aSocietà San Paolo EM - Piazza San Paolo, 14 - 12051 ALBA (CN) (non commercial uses only) ® Copyright 2017 aSpeciale Carmelo Bene.Il ritorno di Aurora. Pasolini e gli altri. Monteiro, Coderd, Carrel, Oz, Lifshitz, Breillat, Brumi Tedesch, Usmov, Ceylan. classicità e Cinema, Bertani A. Vai e Vem di Jean-Luc Codard, Filmese, Bertolino, Figazzolo R. Mancino G. A. ... Cartoni Animati. La casa dei 1000 corpi. Timr Lime. Censi R. Anamorfosi, Don Giovanni. Spaziani P. Una macchina attoriale. Intervista a Laura Betti, Festival e Rassegne. Tivutargets. Le Lume del cinema. Libri a cura di E. Comuzio.' aARTI RICREATIVE E DELLO SPETTACOLO